[Event "23rd Hampstead: U2200"]
[Site "London, England"]
[Date "2014.11.29"]
[Round "3"]
[White "Dignam, Matthew"]
[Black "Prior, Stephen CV"]
[Result "0-1"]
[WhiteElo "2136"]
[BlackElo "2018"]

1. d4 d5 2. Nc3 Nf6 3. Bg5 c5 4. Bxf6 exf6 5. e3 Be6 6. Nge2 Nc6 7. g3 cxd4 8.
exd4 Bb4 9. Bg2 O-O 10. O-O Re8 11. Nf4 Bxc3 12. bxc3 Na5 13. Re1 Qc7 14. Qf3
Rac8 15. Re3 Nc4 16. Nxd5 Qa5 17. Qh5 f5 18. Rxe6 fxe6 19. Re1 Nd6 20. Nf4
Qxc3 21. Re2 Qa1+ 22. Bf1 Ne4 23. Nxe6 Rxe6 24. Qxf5 Rce8 25. Qd5 Kh8 26. Kg2
h6 27. f3 Nf6 28. Rxe6 Nxd5 29. Rxe8+ Kh7 30. Bd3+ g6 31. Re6 Qxd4 32. Bxg6+
Kg7 33. Be4 Ne3+ 34. Kf2 Qd2+ {#R} 0-1

[Event "23rd Hampstead: U2200"]
[Site "London, England"]
[Date "2014.11.29"]
[Round "3"]
[White "Peiris, T G M."]
[Black "Hayward, Alan"]
[Result "1-0"]
[WhiteElo "2096"]
[BlackElo "1966"]

1. e4 d5 2. exd5 Nf6 3. Bb5+ Nbd7 4. Nc3 a6 5. Be2 b5 6. Bf3 Rb8 7. d4 Nb6 8.
Nge2 Bb7 9. Bf4 Nbxd5 10. Bg3 e6 11. O-O Bd6 12. Re1 O-O 13. Nxd5 Nxd5 14. c3
h6 15. Qd3 Qe7 16. Rad1 Rfd8 17. h3 Nf6 18. Bxb7 Rxb7 19. Qf3 Rb6 20. Nc1 Bxg3
21. Qxg3 b4 22. Nd3 bxc3 23. bxc3 Nd5 24. Nc5 a5 25. Rb1 Rdb8 26. Rb3 Qd6 27.
Qd3 Rxb3 28. axb3 Nf6 29. Ra1 Qb6 30. Qe2 Rd8 31. Qa2 Nd5 32. c4 Nf4 33. Qxa5
Ne2+ 34. Kf1 Nxd4 35. b4 Nc2 36. Rb1 Qd6 37. Qa4 Qd2 38. Qb3 Nd4 39. Qd3 Qxd3+
40. Nxd3 Nf3 41. Ke2 Nd4+ 42. Kd2 e5 43. Re1 Nc6 44. Kc3 f6 45. f4 exf4 46.
Nxf4 Ne5 47. b5 Kf7 48. Ra1 Ke7 49. Ra7 Kd6 50. Kb4 Rb8 51. c5+ Kd7 52. Ka4
Kc8 53. Nd5 Rb7 54. Ne7+ Kb8 55. Rxb7+ Kxb7 56. Nf5 Nd3 57. c6+ Kb6 58. Nxg7
Nf4 59. Nf5 Nxg2 60. Nxh6 Nh4 61. Ng8 f5 62. Ne7 Kc5 63. Ng8 f4 64. Nf6 Ng2
65. Ne4+ Kb6 66. Nd2 Nh4 67. Kb4 f3 68. Nc4+ Ka7 69. Kc5 f2 70. Ne3 Nf5 71.
Nf1 Nh4 72. b6+ cxb6+ 73. Kd6 Nf5+ 74. Kd7 Ne7 75. Kxe7 Kb8 76. Kd7 {#r} 1-0

[Event "23rd Hampstead: U2200"]
[Site "London, England"]
[Date "2014.11.29"]
[Round "3"]
[White "Taylor, Adam C"]
[Black "Woltery, Nicolai"]
[Result "1-0"]
[WhiteElo "2048"]
[BlackElo "1738"]

1. g3 d5 2. Bg2 Nf6 3. Nf3 Bf5 4. c4 c6 5. O-O e6 6. b3 h6 7. Bb2 Be7 8. d3
O-O 9. Nbd2 Nbd7 10. h3 Qc7 11. Re1 Bh7 12. e4 Rac8 13. Qe2 Bb4 14. a3 Bxd2
15. Nxd2 dxe4 16. Nxe4 Nxe4 17. dxe4 e5 18. Rad1 Nc5 19. b4 Na4 20. Ba1 Nb6
21. h4 Rcd8 22. c5 Nc8 23. Bh3 Ne7 24. Rd6 Rxd6 25. Bxe5 Rd2 26. Bxc7 Rxe2 27.
Rxe2 Nc8 28. f3 a6 29. Rd2 Na7 30. a4 f5 31. e5 Re8 32. f4 Re7 33. Rd8+ Kf7
34. Bb6 Nb5 35. axb5 axb5 36. Rh8 Bg6 37. h5 Bxh5 38. Bxf5 g6 39. Rh7+ Kf8 40.
Rxe7 Kxe7 41. g4 gxf5 42. gxh5 Kf7 43. Kf2 Ke7 44. Ke3 Kd7 45. Kd4 Ke7 46. Bc7
Ke6 47. Bd6 Kf7 48. e6+ Kxe6 49. Bf8 Kf6 50. Bxh6 Ke6 51. Bg5 Kf7 52. Ke5 Kg7
53. Kxf5 Kh7 54. Ke6 Kg7 55. Kd7 Kf7 56. Kc7 Ke6 57. h6 Kf7 58. f5 Kg8 59.
Kxb7 Kf7 60. Kxc6 Kg8 61. Kxb5 Kf7 62. Kc4 Kg8 63. b5 Kf7 64. Kd5 Kg8 65. b6
Kf7 66. c6 Kf8 67. b7 Kf7 68. Bf6 Kxf6 69. c7 Kxf5 70. h7 Kf4 71. c8=B Ke3 72.
b8=B Kd3 73. Bf4 Kc3 74. Bf5 Kb4 75. Bd2+ Kb3 76. Kd4 Ka4 77. Kc4 Ka3 78. Bc3
Ka4 79. Bc2+ Ka3 80. Bb4+ Kb2 81. Bb3 Kc1 82. Kc3 Kb1 83. Ba3 Ka1 84. Be6 Kb1
85. Kb3 Ka1 86. Bb2+ Kb1 87. Bf5# 1-0

[Event "23rd Hampstead: U2200"]
[Site "London, England"]
[Date "2014.11.29"]
[Round "3"]
[White "Kalavannan, Koby"]
[Black "Nayak, Raghav"]
[Result "1-0"]
[WhiteElo "1918"]
[BlackElo "1697"]

1. d4 Nf6 2. Nf3 g6 3. c4 Bg7 4. g3 O-O 5. Bg2 d6 6. O-O Nbd7 7. Nc3 e5 8. e4
exd4 9. Nxd4 a6 10. h3 Re8 11. Be3 Rb8 12. Qc2 Ne5 13. b3 c5 14. Nde2 b5 15.
f4 Ned7 16. cxb5 axb5 17. Rad1 Qe7 18. Qd3 b4 19. Nd5 Nxd5 20. Qxd5 Rb6 21.
Qc4 Ba6 22. Qc2 Bb7 23. e5 dxe5 24. f5 Bxg2 25. Kxg2 Rc6 26. g4 h6 27. fxg6
Rxg6 28. Ng3 Qe6 29. Nf5 Qc6+ 30. Kh2 e4 31. Qf2 Ne5 32. Kh1 Ree6 33. Rd8+ Kh7
34. Nxg7 Rxg7 35. Qf5+ Rgg6 36. Rf2 Qc7 37. Rd5 Kg7 38. Bf4 Rgf6 39. Bxe5 Qxe5
40. Rxe5 Rxf5 41. Rfxf5 Rd6 42. Rxe4 Rd1+ 43. Kg2 Kg6 44. Ref4 Rd7 45. Rxc5
Rd2+ 46. Rf2 Rd4 47. Rc4 Rd5 48. Rxb4 {#r} 1-0

[Event "23rd Hampstead: U2200"]
[Site "London, England"]
[Date "2014.11.29"]
[Round "3"]
[White "Barasi, Paul DI"]
[Black "Misyura, Ilya"]
[Result "0-1"]
[WhiteElo "1836"]
[BlackElo "1644"]

1. d4 Nf6 2. Bg5 g6 3. Bxf6 exf6 4. g3 d5 5. Bg2 c6 6. e3 Bg7 7. Ne2 Be6 8.
O-O O-O 9. Nd2 Qd7 10. b3 Bh3 11. c4 Bxg2 12. Kxg2 Re8 13. Nf4 Na6 14. cxd5
cxd5 15. Qf3 Red8 16. Rfc1 Nb8 17. Rc5 Nc6 18. Rxd5 Qe7 19. Rc1 a6 20. Rdc5
Ne5 21. Qe2 Nd7 22. Rc7 b5 23. Qf3 Qe8 24. Ne4 Nb6 25. R1c6 Rac8 26. Rxc8 Nxc8
27. Rxa6 f5 28. Nc5 Nd6 29. Nb7 Nxb7 30. Qxb7 Rc8 31. Ra5 h6 32. Rxb5 Rc2 33.
Ra5 Qxe3 34. Ra8+ Kh7 35. Nh3 Qxd4 36. Ra4 Qd1 37. Qxf7 Rc1 38. Nf4 Qf1+ 39.
Kf3 Rc3+ 40. Nd3 Rxd3+ 41. Kf4 Qc1# 0-1

[Event "23rd Hampstead: U2200"]
[Site "London, England"]
[Date "2014.11.29"]
[Round "3"]
[White "Bisereko Pafura Godfrey"]
[Black "Sartain, Patrick P"]
[Result "1-0"]
[WhiteElo "2109"]
[BlackElo "1622"]

1. d4 e6 2. c4 b6 3. Nc3 Bb7 4. e3 Nc6 5. Nf3 d6 6. Qa4 d5 7. cxd5 exd5 8. Bb5
Nge7 9. Ne5 Qd6 10. e4 f6 11. Nxc6 Bxc6 12. exd5 Bxb5 13. Nxb5 Qd8 14. Nd6#
1-0

[Event "23rd Hampstead: U2200"]
[Site "London, England"]
[Date "2014.11.29"]
[Round "3"]
[White "Landau, Jonathan"]
[Black "Rubandhas, Samprabhu"]
[Result "1-0"]
[WhiteElo "1966"]
[BlackElo "1682"]

1. e4 e6 2. d4 d5 3. e5 c5 4. c3 Nc6 5. Nf3 Nge7 6. Bd3 cxd4 7. cxd4 Nf5 8.
Bxf5 exf5 9. O-O Be7 10. Nc3 Be6 11. Be3 O-O 12. Ne2 f6 13. Nf4 Bf7 14. e6 Be8
15. Qb3 Nb4 16. a3 g5 17. axb4 gxf4 18. Bxf4 Bc6 19. b5 Qb6 20. Bh6 Rfe8 21.
Nh4 Kh8 22. Nxf5 Bf8 23. Qg3 {#r} 1-0

[Event "23rd Hampstead: U2200"]
[Site "London, England"]
[Date "2014.11.29"]
[Round "3"]
[White "Brozel, Sacha"]
[Black "Goldsmith, Jennifer"]
[Result "1-0"]
[WhiteElo "1799"]
[BlackElo "1480"]

1. d4 Nf6 2. c4 e5 3. dxe5 Ng4 4. Nf3 Nc6 5. e3 Ngxe5 6. Be2 Be7 7. O-O O-O 8.
Nc3 d6 9. b3 Bf6 10. Bb2 Nxf3+ 11. Bxf3 Bd7 12. Qd2 Rb8 13. Rad1 Re8 14. Rfe1
Bf5 15. e4 Bd7 16. Nd5 Ne5 17. Be2 Be7 18. Qc3 Bg5 19. f4 c6 20. fxe5 cxd5 21.
Rxd5 dxe5 22. Red1 Qb6+ 23. c5 Qc6 24. Rxd7 Qxe4 25. Qc4 Qf5 26. Bg4 Be3+ 27.
Kh1 Qg6 28. Rf1 Rf8 29. Bxe5 Rbe8 30. Bd6 Re4 31. Bf5 Rxc4 32. Bxg6 Rd4 33.
Bxf7+ Kh8 34. Rxb7 Rd8 35. Bh5 Rd5 36. Bf3 Rd2 37. Be5 Bh6 38. c6 {#r} 1-0

[Event "23rd Hampstead: U2200"]
[Site "London, England"]
[Date "2014.11.29"]
[Round "3"]
[White "Oliveri, Claudio"]
[Black "Finnegan, Oliver"]
[Result "0-1"]
[WhiteElo "1708"]
[BlackElo "1760"]

1. Nf3 e6 2. c4 Nf6 3. Qc2 b6 4. e3 Bb7 5. Be2 Nc6 6. a3 Be7 7. Nc3 d6 8. b4
O-O 9. Bb2 Nb8 10. O-O Nbd7 11. d4 c5 12. Rad1 cxb4 13. axb4 d5 14. c5 a5 15.
bxa5 bxc5 16. Qb3 Qxa5 17. Ra1 Qc7 18. Nb5 Qb6 19. Rab1 c4 20. Bxc4 dxc4 21.
Qxc4 Rfc8 22. Qb3 Bd5 23. Qd1 Qxb5 24. Ba3 Qc6 25. Bxe7 Bxf3 26. gxf3 Nd5 27.
Bh4 Nc3 28. Qd3 Nxb1 29. Rxb1 Qxf3 30. Bg3 Nf6 31. Rd1 Ne4 32. Rf1 Ng5 33. h4
Ne4 34. Kh2 Rc3 35. Qb5 Nxg3 36. fxg3 Qxe3 37. Qb7 Qxg3+ 38. Kh1 Qh3+ 39. Kg1
Rg3+ 40. Kf2 Ra2+ 41. Ke1 Re3+ 42. Kd1 {#R} 0-1

[Event "23rd Hampstead: U2200"]
[Site "London, England"]
[Date "2014.11.29"]
[Round "3"]
[White "Jain, Gautam"]
[Black "Gee Grant, Aimee"]
[Result "1-0"]
[WhiteElo "1755"]
[BlackElo "1225"]

1. e4 c5 2. Nc3 g6 3. f4 Bg7 4. Nf3 d6 5. Bc4 Nc6 6. d3 Bg4 7. Bxf7+ Kxf7 8.
Ng5+ Ke8 9. Qxg4 Nf6 10. Qe6 Rf8 11. Qb3 Qd7 12. Ne6 Rg8 13. Nb5 Rc8 14. Ng5
Rf8 15. Bd2 a6 16. Na3 Qg4 17. Qe6 Qxe6 18. Nxe6 Ng4 19. Nxf8 Bxf8 20. O-O Nd4
21. Rae1 b5 22. c3 Nc6 23. h3 Nf6 24. g4 a5 25. Nc2 Nd7 26. f5 Nde5 27. d4 Nd3
28. Rb1 cxd4 29. cxd4 Bg7 30. Be3 Na7 31. Ne1 Nxe1 32. Rfxe1 Bf6 33. e5 Bh4
34. Rec1 Rb8 35. d5 Nc8 36. e6 b4 37. fxg6 hxg6 38. Rc6 Kd8 39. Rf1 Ke8 40.
Bh6 Bf6 41. g5 Bd4+ 42. Kg2 Bf6 43. gxf6 Na7 44. f7+ Kd8 45. f8=Q# 1-0

[Event "23rd Hampstead: U2200"]
[Site "London, England"]
[Date "2014.11.29"]
[Round "3"]
[White "Verma, Aditya"]
[Black "Davies, Cledwyn"]
[Result "1-0"]
[WhiteElo "1611"]
[BlackElo "1727"]

1. e4 d5 2. exd5 Qxd5 3. Nc3 Qd8 4. Nf3 Bg4 5. d4 e6 6. h3 Bh5 7. Bf4 c6 8.
Be2 Nd7 9. O-O Ngf6 10. Ne5 Bxe2 11. Qxe2 Be7 12. Bh2 O-O 13. Ne4 Nxe4 14.
Qxe4 Nf6 15. Qe3 Qb6 16. Nc4 Qb5 17. Qb3 Qd5 18. Rad1 b6 19. Ne3 Qd7 20. c4
Rfd8 21. Rd3 Bd6 22. Bxd6 Qxd6 23. Rfd1 Qc7 24. d5 cxd5 25. cxd5 Nxd5 26. Nxd5
Rxd5 27. Rxd5 exd5 28. Qxd5 Rc8 29. Qd7 g6 30. Qxc7 Rxc7 31. Kf1 Rc2 32. Rd7
a5 33. b3 Rxa2 34. Rb7 Rb2 35. Rxb6 a4 36. Ra6 axb3 37. Rb6 Rb1+ 38. Ke2 b2
39. Kf3 Kg7 40. h4 Rh1 41. Rxb2 Rxh4 42. g3 Rc4 43. Rb6 h5 44. Kg2 g5 45. Ra6
Re4 46. Kf3 Re6 47. Ra4 f5 48. Kg2 Kg6 49. Rb4 Rf6 50. Ra4 f4 51. gxf4 Rxf4
52. Rxf4 gxf4 53. f3 Kf5 54. Kh3 Ke5 55. Kh4 Kd4 56. Kxh5 Ke5 57. Kg4 Ke6 58.
Kxf4 Kf6 59. Ke4 Ke6 60. f4 Kf6 61. f5 Kf7 62. Ke5 Ke7 63. f6+ Kf7 64. Kf5 Kg8
65. Ke6 {#r} 1-0

[Event "23rd Hampstead: U2200"]
[Site "London, England"]
[Date "2014.11.29"]
[Round "3"]
[White "Covey, Jason"]
[Black "Wu, Haotian"]
[Result "1-0"]
[WhiteElo "1538"]
[BlackElo "1674"]

1. e4 e6 2. d4 d5 3. Nd2 Nf6 4. e5 Nfd7 5. Bd3 c5 6. c3 Nc6 7. Ngf3 Be7 8. O-O
O-O 9. Re1 h6 10. Nf1 f5 11. Ng3 Qe8 12. Qc2 Nb6 13. Bd2 Bd7 14. Rad1 Rc8 15.
h3 cxd4 16. Qb1 dxc3 17. Bxc3 Bb4 18. Nd4 Bxc3 19. bxc3 Nxd4 20. cxd4 Bc6 21.
Be2 Na4 22. Rc1 Nb6 23. Nh5 Nd7 24. Nf4 g6 25. Rc3 Kh7 26. Rg3 Rg8 27. Qb4 Nf8
28. Rb1 Qd7 29. Bb5 Bxb5 30. Qxb5 Qxb5 31. Rxb5 b6 32. Ra3 Rc7 33. Ra6 Rgg7
34. a4 Rc1+ 35. Kh2 Ra1 36. a5 Rxa5 37. Rbxa5 bxa5 38. Nxe6 Nxe6 39. Rxe6 Rd7
40. Ra6 Kg7 41. Kg3 a4 42. Rxa4 Kf7 43. Ra6 Rb7 44. f3 Re7 45. Kf4 Rb7 46. e6+
Ke7 47. Ke5 h5 48. Kxd5 Rb5+ 49. Kc6 Rb6+ 50. Rxb6 axb6 51. Kxb6 Kxe6 52. Kc6
Ke7 53. Kd5 f4 54. Ke5 g5 55. Kf5 Kd6 56. Kxg5 Kd5 57. Kxf4 Kxd4 58. Kg5 Ke5
59. Kxh5 Kf5 60. g4+ {#r} 1-0

[Event "23rd Hampstead: U2200"]
[Site "London, England"]
[Date "2014.11.29"]
[Round "3"]
[White "Sit, Victoria"]
[Black "Seman, Myroslav"]
[Result "1-0"]
[WhiteElo "1632"]
[BlackElo "1471"]

1. d4 f5 2. c4 Nf6 3. Nc3 e6 4. Nf3 Be7 5. e3 O-O 6. Be2 c6 7. O-O d5 8. b3
Bd7 9. Bb2 Be8 10. cxd5 cxd5 11. Rc1 a6 12. Ne5 Nc6 13. Nd3 Rc8 14. Na4 Nd7
15. Nac5 Nxc5 16. Nxc5 Bxc5 17. dxc5 Qg5 18. Bf3 Bf7 19. g3 Rfd8 20. Qe1 e5
21. h4 Qe7 22. Bg2 h6 23. f4 e4 24. Kh2 d4 25. exd4 Nxd4 26. Qc3 Ne6 27. b4
Rd3 28. Qe5 Bg6 29. Rfd1 Rcd8 30. Rxd3 Rxd3 31. c6 Qxb4 32. Qxe6+ Bf7 33. Qc8+
Kh7 34. Qxf5+ Bg6 35. Qe5 Qf8 36. c7 Rd2 37. c8=Q Qf7 38. Qxg7+ Qxg7 39. Bxg7
Kxg7 40. Qxb7+ Kf6 41. Qxa6+ Kf5 42. Rc5+ Kg4 43. Qxg6# 1-0

[Event "23rd Hampstead: U2200"]
[Site "London, England"]
[Date "2014.11.29"]
[Round "3"]
[White "Gribben, Chris"]
[Black "Remus Eliot, Luke"]
[Result "1/2-1/2"]
[WhiteElo "1617"]
[BlackElo "1423"]

1. e4 c5 2. Nf3 Nc6 3. Bb5 g6 4. Bxc6 bxc6 5. c4 Bg7 6. Nc3 Nf6 7. h3 Ba6 8.
d3 O-O 9. e5 Ne8 10. O-O d5 11. exd6 exd6 12. Bg5 f6 13. Be3 Rb8 14. Qd2 Nc7
15. b3 Re8 16. Bh6 d5 17. Bxg7 Kxg7 18. Rfe1 Qd7 19. Rxe8 Rxe8 20. Re1 Rxe1+
21. Qxe1 dxc4 22. dxc4 Qe6 23. Qxe6 Nxe6 24. Na4 Kf7 25. Nd2 f5 26. g3 Ke7 27.
Kf1 Kd6 28. Nf3 Bc8 29. h4 h6 30. Ke2 f4 31. Nc3 Nd4+ 32. Nxd4 cxd4 33. Ne4+
Ke5 34. Nc5 fxg3 35. fxg3 Kf5 36. Kf3 h5 37. Nd3 Kf6 38. Ke4 Bf5+ 39. Kxd4
Bxd3 40. Kxd3 c5 41. Ke4 Ke6 42. a3 a5 43. a4 Kd6 44. Kf4 Ke6 45. g4 Kf6 46.
gxh5 gxh5 47. Ke4 Ke6 48. Kf4 Kf6 49. Ke4 Ke6 50. Kf4 {#d} 1/2-1/2

[Event "23rd Hampstead: U2200"]
[Site "London, England"]
[Date "2014.11.29"]
[Round "3"]
[White "Winter, Malcolm J"]
[Black "Baroukh, Leon"]
[Result "0-1"]
[WhiteElo "1538"]
[BlackElo "1605"]

1. d4 d5 2. Nf3 Nf6 3. e3 Bg4 4. h3 Bh5 5. g4 Bg6 6. Ne5 Nbd7 7. Nxg6 hxg6 8.
Nd2 e5 9. dxe5 Nxe5 10. Bg2 c6 11. Nf3 Nc4 12. b3 Bb4+ 13. Bd2 Nxd2 14. Nxd2
Ne4 15. Bxe4 dxe4 16. a3 Bc3 17. Ra2 Qa5 18. Qe2 O-O-O 19. Qc4 Rxd2 20. b4 Qd5
21. Qxc3 Rd1+ 22. Ke2 Rd8 23. Ra1 Qd2+ 24. Qxd2 R8xd2# 0-1

[Event "23rd Hampstead: U2200"]
[Site "London, England"]
[Date "2014.11.29"]
[Round "3"]
[White "Shah, Tej"]
[Black "Mospan, Edward"]
[Result "0-1"]
[WhiteElo "1555"]
[BlackElo "1259"]

1. e4 a6 2. d4 b5 3. Nc3 e6 4. Bd3 Bb7 5. a3 Be7 6. Bf4 c5 7. Nf3 c4 8. Be2
Nf6 9. e5 Nd5 10. Nxd5 Bxd5 11. c3 Nc6 12. O-O d6 13. a4 b4 14. Qd2 b3 15. Kh1
Rc8 16. Qe3 Nb8 17. Ng5 f6 18. exf6 Bxf6 19. Nxe6 Qe7 20. Bg4 Rc6 21. Rfe1 Kf7
22. Ng5+ Bxg5 23. Bxg5 Qxe3 24. Rxe3 Kg6 25. h4 h6 26. Bf4 Rf8 27. Bg3 h5 28.
Be6 Bxe6 29. Rxe6+ Rf6 30. Rae1 Nd7 31. a5 Kf5 32. R6e4 Nf8 33. Rf4+ Kg6 34.
Rfe4 Kf5 35. R4e3 Kg4 36. Kh2 g5 37. hxg5 Kxg5 38. Re4 Rf5 39. Re8 Ng6 40. Kh3
h4 41. Rg8 hxg3 42. Kxg3 Kf6 43. f3 Rxa5 44. Kg4 Rg5+ 45. Kh3 Nf4+ {#R} 0-1

[Event "23rd Hampstead: U2200"]
[Site "London, England"]
[Date "2014.11.29"]
[Round "3"]
[White "Zhao, Haolin"]
[Black "Samadov, Samir"]
[Result "0-1"]
[WhiteElo "1457"]
[BlackElo "1600"]

1. e4 e6 2. d3 Bc5 3. Nd2 c6 4. g3 Nf6 5. Bg2 d5 6. h3 b6 7. Ngf3 dxe4 8. dxe4
Ba6 9. c4 Qc7 10. O-O Nbd7 11. b3 b5 12. cxb5 Bxb5 13. Re1 Qxg3 14. Re2 Bxe2
15. Qxe2 Qc7 16. Nc4 Nb6 17. Nce5 Nfd7 18. Bf4 Nxe5 19. Bxe5 Bd6 20. Bxg7 Rg8
21. Qb2 O-O-O 22. Qf6 e5 23. Qf5+ Qd7 24. Qxh7 f6 25. Rc1 Rxg7 26. Rxc6+ Kb7
27. Rxd6 Rxh7 28. Rxd7+ Rdxd7 29. h4 Rd1+ 30. Kh2 Ra1 31. h5 Rh8 32. h6 Rxh6+
33. Kg3 Rg6+ 34. Kh2 Rxa2 35. Kh3 Rxf2 36. Nh4 Rh6 37. Kg3 Rb2 38. Kg4 Rxh4+
39. Kxh4 Rxg2 40. b4 Kc6 41. b5+ Kxb5 42. Kh3 Rg7 43. Kh4 a5 44. Kh5 a4 45.
Kh6 Rg2 46. Kh5 a3 47. Kh4 a2 48. Kh3 Rh2+ 49. Kg4 Rh4+ 50. Kf5 Rf4+ 51. Ke6
a1=Q 52. Kd6 Qd1+ 53. Ke6 Qd7# 0-1

[Event "23rd Hampstead: U2200"]
[Site "London, England"]
[Date "2014.11.30"]
[Round "4"]
[White "Prior, Stephen CV"]
[Black "Peiris, T G M."]
[Result "0-1"]
[WhiteElo "2018"]
[BlackElo "2096"]

1. e4 c5 2. Nf3 Nc6 3. d4 cxd4 4. Nxd4 Qb6 5. Nb3 Nf6 6. Nc3 e6 7. Be3 Qd8 8.
Qf3 Bb4 9. Qg3 Bxc3+ 10. bxc3 Nxe4 11. Qxg7 Qf6 12. Qxf6 Nxf6 13. c4 b6 14.
Be2 Bb7 15. O-O-O Rg8 16. Bf3 Ng4 17. Nd4 Nxe3 18. fxe3 Na5 19. Nb5 Bxf3 20.
Nd6+ Ke7 21. gxf3 Rg2 22. e4 f6 23. f4 Nc6 24. Rd3 Nb4 25. Rdd1 Nxc2 26. e5
Rag8 27. exf6+ Kxf6 28. Ne4+ Ke7 29. Rxd7+ Kxd7 30. Nf6+ Ke7 31. Nxg8+ Rxg8
32. Kxc2 Rg2+ 33. Kb3 Rf2 34. Rg1 Rxf4 35. Rg8 Rf8 36. Rg7+ Rf7 37. Rg8 e5 38.
Kc3 Kf6 39. Kd3 Rd7+ 40. Ke3 Rd4 41. Rf8+ Ke6 42. Ra8 Rxc4 43. Rxa7 Rh4 44.
Rb7 Rxh2 45. Rxb6+ Kf5 46. a4 Rh3+ 47. Ke2 h5 48. a5 Ra3 49. a6 h4 50. Rh6 h3
51. a7 Kg4 52. Rg6+ Kf4 53. Rf6+ Kg5 54. Rf3 Ra2+ 55. Kf1 h2 56. Rh3 Rxa7 57.
Kg2 Ra2+ 58. Kh1 Ra4 59. Rg3+ Rg4 60. Kxh2 e4 61. Rxg4+ Kxg4 62. Kg2 e3 63.
Kf1 Kf3 64. Ke1 e2 {#R} 0-1

[Event "23rd Hampstead: U2200"]
[Site "London, England"]
[Date "2014.11.30"]
[Round "4"]
[White "Gaudeau, Valentin"]
[Black "Kovacs, Zoltan"]
[Result "1-0"]
[WhiteElo "1986"]
[BlackElo "2032"]

1. d4 Nf6 2. Bf4 c5 3. d5 g6 4. Nc3 d6 5. e4 Qa5 6. Bd3 a6 7. Bd2 Qc7 8. a4
Nbd7 9. b3 Ne5 10. Be2 Bg7 11. f4 Ned7 12. Nf3 O-O 13. O-O e6 14. dxe6 fxe6
15. Bd3 d5 16. e5 Nh5 17. Ng5 Nxe5 18. fxe5 Rxf1+ 19. Qxf1 Bxe5 20. g3 Qg7 21.
Re1 Bd4+ 22. Kh1 Bxc3 23. Bxc3 Nxg3+ 24. hxg3 Qh6+ 25. Nh3 e5 26. Bxe5 Bxh3
27. Qf4 Qh5 28. Qf6 Qf3+ 29. Qxf3 {#r} 1-0

[Event "23rd Hampstead: U2200"]
[Site "London, England"]
[Date "2014.11.30"]
[Round "4"]
[White "Briggs, John Nicholas"]
[Black "Haridas, Girinath"]
[Result "0-1"]
[WhiteElo "1979"]
[BlackElo "1815"]

1. Nf3 Nf6 2. c4 g6 3. Nc3 Bg7 4. e4 d6 5. d4 O-O 6. Be2 e5 7. d5 a5 8. Bg5
Na6 9. Nd2 Qe8 10. O-O Bd7 11. b3 c6 12. Rb1 cxd5 13. cxd5 b5 14. a4 bxa4 15.
bxa4 Nc5 16. Bb5 Rb8 17. f3 h6 18. Be3 Qc8 19. Rc1 Rb7 20. Nc4 Qc7 21. Bxd7
Qxd7 22. Nxa5 Rb4 23. Nc6 Rc4 24. Nb5 Rxc1 25. Bxc1 Ra8 26. a5 Ne8 27. Be3 f5
28. Qc2 Bf8 29. Nxd6 Qxd6 30. Rc1 Nb7 31. exf5 Nxa5 32. fxg6 Qxd5 33. Bxh6
Nxc6 34. g7 Bxg7 35. Qg6 Nd4 36. Bxg7 Nxg7 37. Kh1 Ne2 38. Rb1 Nf4 39. Qg5 Qd3
40. Rc1 Qd2 41. Rg1 Qe3 42. h4 Qf2 43. Qe7 Ng6 {#R} 0-1

[Event "23rd Hampstead: U2200"]
[Site "London, England"]
[Date "2014.11.30"]
[Round "4"]
[White "Misyura, Ilya"]
[Black "Kalavannan, Koby"]
[Result "0-1"]
[WhiteElo "1644"]
[BlackElo "1918"]

1. d4 Nf6 2. c4 g6 3. Nc3 Bg7 4. e4 d6 5. Nf3 O-O 6. Be2 e5 7. O-O Nc6 8. d5
Ne7 9. b4 a5 10. Ba3 axb4 11. Bxb4 b6 12. Re1 h6 13. a4 Ne8 14. a5 Bd7 15. Nd2
f5 16. Nb5 Rf6 17. Bc3 f4 18. Bg4 g5 19. Bxd7 Qxd7 20. f3 h5 21. Qe2 Nc8 22.
axb6 Nxb6 23. Rxa8 Nxa8 24. Ra1 Nb6 25. Ra7 Qc8 26. Ba5 Qb8 27. Qf2 Nxc4 28.
Nxc4 Qxb5 29. Nd2 Rf7 30. Bc3 Nf6 31. Ra2 Nd7 32. Rb2 Qa6 33. Nb3 Nb6 34. Ra2
Qc4 35. Qc2 Qb5 36. Ra5 Qd7 37. Be1 Bf6 38. Bf2 Nc8 39. Ra8 Kg7 40. Qe2 Ne7
41. Ra7 Ng6 42. Ra2 g4 43. Be1 Qc8 44. Nd2 Bh4 45. Bxh4 Nxh4 46. Qf2 Qd8 47.
Kf1 Qg5 48. Qe2 Kh6 49. Ra8 Kh7 50. Ra2 Rg7 51. Rb2 Ng6 52. Ra2 Qh4 53. Kg1
Nh8 54. Rb2 Nf7 55. Ra2 Ng5 56. Kh1 g3 57. h3 Nxh3 58. gxh3 Qxh3+ 59. Kg1 g2
{#R} 0-1

[Event "23rd Hampstead: U2200"]
[Site "London, England"]
[Date "2014.11.30"]
[Round "4"]
[White "Jaunooby, Ali R"]
[Black "Taylor, Adam C"]
[Result "1-0"]
[WhiteElo "2175"]
[BlackElo "2048"]

1. d4 Nf6 2. Bf4 g6 3. Nc3 Bg7 4. e4 O-O 5. e5 Ne8 6. h4 d6 7. Qe2 dxe5 8.
dxe5 Qd4 9. g3 Nc6 10. Nf3 Qb4 11. O-O-O Bg4 12. Bg2 f6 13. a3 Qa5 14. Rd5
Qxd5 15. Nxd5 fxe5 16. Qc4 e6 17. Nxe5 Bxe5 18. Bh6 Bg7 19. Bxg7 Kxg7 20. Ne3
Bf3 21. Bxf3 Rxf3 22. h5 Rxf2 23. Qc3+ e5 24. Ng4 Rf7 25. hxg6 hxg6 26. Qe3
Re7 27. Rf1 Nd6 28. Qh6+ Kg8 29. Qxg6+ Rg7 30. Qe6+ Kh8 31. Rh1+ Rh7 32. Qf6+
Kg8 33. Qg6+ Rg7 34. Nf6+ Kf8 35. Rh8+ {#r} 1-0

[Event "23rd Hampstead: U2200"]
[Site "London, England"]
[Date "2014.11.30"]
[Round "4"]
[White "Finnegan, Oliver"]
[Black "Dignam, Matthew"]
[Result "0-1"]
[WhiteElo "1760"]
[BlackElo "2136"]

1. d4 Nf6 2. c4 e6 3. Nf3 b6 4. a3 d5 5. Bg5 Be7 6. e3 O-O 7. Nc3 h6 8. Bh4
Bb7 9. cxd5 exd5 10. Bd3 Ne4 11. Bxe7 Qxe7 12. Rc1 Nd7 13. O-O f5 14. Nb5 c6
15. Nc3 Rae8 16. Ne2 g5 17. Nd2 Ndf6 18. Nf3 Ng4 19. Bxe4 fxe4 20. Ne5 Nxe5
21. dxe5 Qxe5 22. b4 Qb2 23. Nd4 Rf6 24. b5 c5 25. Rb1 Qc3 26. Rb3 Qc4 27. Ne2
Ref8 28. Ng3 d4 29. Nh5 Rd6 30. exd4 cxd4 31. h4 d3 32. hxg5 hxg5 33. Rb4 Qd5
34. Ng3 e3 35. Qb3 exf2+ 36. Rxf2 Rxf2 37. Kxf2 Qxb3 38. Rxb3 d2 {#R} 0-1

[Event "23rd Hampstead: U2200"]
[Site "London, England"]
[Date "2014.11.30"]
[Round "4"]
[White "Anilkumar, Anantha P"]
[Black "Bisereko Pafura Godfrey"]
[Result "1-0"]
[WhiteElo "1727"]
[BlackElo "2109"]

1. d4 Nf6 2. c4 g6 3. Nc3 Bg7 4. e4 d6 5. Nge2 Nbd7 6. Ng3 c5 7. d5 O-O 8. Be2
Re8 9. O-O Nb6 10. Be3 e6 11. Qd2 exd5 12. cxd5 a6 13. Bh6 Bh8 14. f4 Ng4 15.
Bxg4 Bd4+ 16. Kh1 Bxg4 17. f5 Qh4 18. Bg5 Nc4 19. Qf4 Be3 20. Bxh4 Bxf4 21.
Rxf4 Bh5 22. Nxh5 gxh5 23. g4 f6 24. b3 Ne5 25. g5 fxg5 26. Bxg5 b5 27. Rg1
Kf7 28. Bh6 Rg8 29. Rxg8 Rxg8 30. Rf1 b4 31. Ne2 h4 32. Bf4 Kf6 33. Bxe5+ Kxe5
34. Nf4 Rc8 35. Ne6 Kxe4 36. f6 Kxd5 37. f7 Kxe6 38. f8=Q Rxf8 39. Rxf8 d5 40.
Rc8 Kd6 41. Kg2 a5 42. Kf3 h3 43. Ke3 a4 44. bxa4 c4 45. Kd4 c3 46. a5 {#r}
1-0

[Event "23rd Hampstead: U2200"]
[Site "London, England"]
[Date "2014.11.30"]
[Round "4"]
[White "Hayward, Alan"]
[Black "Brozel, Sacha"]
[Result "1/2-1/2"]
[WhiteElo "1966"]
[BlackElo "1799"]

1. d4 e6 2. Nc3 d5 3. e4 Bb4 4. exd5 exd5 5. Bd3 Nc6 6. Nge2 Nge7 7. O-O Bf5
8. Bf4 O-O 9. Nb5 Ba5 10. c3 Qd7 11. b4 a6 12. Na3 Bb6 13. Ng3 Bg6 14. Nc2 Nd8
15. a4 Ne6 16. Bc1 c6 17. Ne1 Bc7 18. f4 Bxd3 19. Qxd3 Nd8 20. Nf3 f6 21. Nh4
Nf7 22. Ra2 Nd6 23. Re2 a5 24. Rfe1 Rfe8 25. bxa5 Rxa5 26. Nhf5 Nexf5 27.
Rxe8+ Nxe8 28. Nxf5 Nd6 29. Ne7+ Kh8 {#d} 1/2-1/2